| 000 | 01644nam a2200337 a 4500 | ||
|---|---|---|---|
| 003 | BLK | ||
| 005 | 20231010162413.0 | ||
| 007 | ta | ||
| 008 | 230803b bu |||||r|||| 00| | bu d | ||
| 020 | _a9786197372625 | ||
| 040 | _aBLK | ||
| 041 |
_aBUL _cBUL |
||
| 080 |
_9239688 _aТеория на познанието (гносеология). Епистемология. Проблемът на познанието изобщо _b165 _z165 |
||
| 080 |
_9241453 _aШколи и концепции в етиката. Етически учения, направления, гледища _b17.03 _z17.03 |
||
| 084 | _aИ 52 | ||
| 100 |
_9468303 _aИлиев, Георги Стоянов |
||
| 245 |
_aОтношението между епистемология и етика в теорията след Франкфуртската школа _cГеорги Илиев |
||
| 260 |
_9391695 _aСофия _bИзд. център Боян Пенев при Инст. за лит. - БАН _c2023 _fДайрект сървисиз |
||
| 300 |
_a300 с. _c21 см |
||
| 380 | _a1 | ||
| 500 | _aИзд. на БАН. Институт за лит. Биогр. данни за авт. отбелязани на гърба на кор. | ||
| 504 | _aБиблиогр.: с. 295-299 | ||
| 650 | 0 |
_9262864 _aПознание - теория |
|
| 650 | 7 |
_9155121 _aЕтика |
|
| 650 | 0 |
_9251900 _aФилософия - системи, направления и школи |
|
| 852 |
_aЦб 318998 _bЦб |
||
| 856 |
_i0.00 _ldisable |
||
| 942 |
_cKNG _n0 |
||
| 944 |
_cМоника Янева _k30545 _lНора Радева |
||
| 999 |
_c493288 _d493288 |
||
| 999 | _d493288 | ||